000 00287nam a22001337a 4500
008 181022b xxu||||| |||| 00| 0 eng d
020 _a9780070105188
041 _aeng
080 _24 ED
_a541
100 _a12
101 _aKIM
245 _aChemistry
_cRaymond.ch
942 _2udc
_cBK
999 _c50504
_d50504